000 01565nam a22002417a 4500
005 20250616103036.0
008 250609b |||||||| |||| 00| 0 eng d
020 _a9788119434404
040 _cAL
041 _aEnglish
082 _223
_a001.535
_bKOZA
100 _aJob Kozhamthadam Ed
_9215064
245 _aArtificial intelligence and the future of humanity
_b: critical reflections on the social ethical and religious impact of AI
260 _aDelhi
_bIndian Institute of Science and Religion
_c2024
300 _axxiv,228p.
_bPB
_c23x15cm.
365 _b₹475.00
_c
_d₹475.00
520 _aWe are fortunate to live in an age that is witnessing such unprecedented strides in science, ingeniously assisted by technology, that the claim is made that it is only a matter of time when human scientific prowess will have made in its laboratory not only living beings, including humans, but also superhumans or posthumans. As we rejoice and applaud the amazing achievements of our scientists, the real question is whether or how far will they be able to deliver their claim. Several well-informed authors, in their well-researched papers of this seventeen-paper volume, point out the formidable challenges still awaiting Artificial Intelligence (AI) experts.
650 _aArtificial Intelligence Dawn and Development
_9213445
650 _aArtificial Intelligence Social and Ethical Perspectives
_9213446
650 _aArtificial Intelligence a Platform for Science Religion Dialogue
_9213447
700 _aJayard Stephen S
_9213448
942 _2ddc
_cDB
999 _c234364
_d234364